000 01054nam a2200277 a 4500
001 000016565
005 20250924073801.0
008 100308s1988 dr a 000 0 spa d
040 _aDO-SdBNP
082 _a378.194
_bA696g
100 1 _aArias L. Rafael E.
_936827
245 1 0 _aGuía del estudiante de pedagogía de la UASD /
_cRafael E. Arias L.
260 _aSanto Domingo :
_bUASD,
_c1988.
300 _a142 P. :
_bil. ;
_c23 cm.
490 1 _aPublicaciones de la Universidad Autónoma de Santo Domingo
_vvol. 607
490 1 _aCuadernos de Pedagogias
_vno. 6
500 _aIncluye datos biográficos del autor en la contraportada
504 _aIncluye referencias bibliográficas ( p. 141-142)
600 1 4 _aUNIVERIDAD AUTÓNOMA DE SANTO DOMINGO
_936828
650 0 _aPedagogía
_9693
650 4 _aPlanes de estudio universitario
_936829
650 4 _aMetodos de enseñanza
_92196
830 _aPublicaciones de la Universidad Autónoma de Santo Domingo
_vvol. 607
_952
830 0 _aCuadernos de Pedagogias
_nno. 6
_936830
049 _aBNPD
999 _c16098
_d16098